000 00579nam a2200181 i 4500
001 31368
003 ES-MaACL
005 20230906154352.0
007 t|
008 030129s1965 sp ||||1| spa d
100 1 _aBendix, Friedrich.
_927483
245 1 0 _aAlrededor del trabajo de los metales /
_cFriedrich Bendix ; versión Carlos Sáenz de Magarcía.
260 _aBarcelona, etc. :
_bReverte,
_c1965.
300 _a228 p. :
_bil. ;
_c23 cm.
650 0 4 _aMetales-
_xTrabajo.
_915015
700 0 _aSáez de Magarcía, Carlos.
_9101366
852 _aES-MaACL
_jC-28679
_bR.56975
999 _c31368
_d31368